| 000 | 00589nam a2200145Ia 4500 | ||
|---|---|---|---|
| 008 | 151213s9999 xx 000 0 und d | ||
| 100 | _aলুৎফার রহমান। | ||
| 245 |
_aবাংলা সাহিত্যে নন্দনভাবনা।প্রাচাল ও মধ্যযুগ। _cলুৎফার রহমান। |
||
| 260 |
_aঢাকা _bবাংলা একাডেমী।১৯৮৬ _c2009 |
||
| 300 | _a8774 p. | ||
| 650 | _aBangla | ||
| 650 | _aসাহিত্য | ||
| 700 | _aলুৎফার রহমান। | ||
| 999 |
_c4559 _d4559 |
||